Đề cương bài giảng xử lý tình huống chính trị

Nội dung giới thiệu nhập môn xử lý tình huống chính trị. Xử lý các điểm nóng chính trị - xã hội. Xử lý tình huống chính trị khi chuyển giao quyền lãnh đạo trong nội bộ Đảng Cộng Sản cầm quyền. Xử lý tệ quan liêu, tham nhũng trong bộ má...

Deskribapen osoa

Gorde:
Xehetasun bibliografikoak
Egile korporatiboa: Học viện Chính trị - Hành Chính khu vực II., Khoa Chính trị học
Formatua: Liburua
Hizkuntza:Undetermined
Argitaratua: Hà Nội Chính trị - Hành chính 2009
Gaiak:
Etiketak: Etiketa erantsi
Etiketarik gabe, Izan zaitez lehena erregistro honi etiketa jartzen!
Thư viện lưu trữ: Trung tâm Học liệu Trường Đại học Cần Thơ
LEADER 01189nam a2200229Ia 4500
001 CTU_228412
008 210402s9999 xx 000 0 und d
020 |c 20000 
082 |a 324.2597075 
082 |b Kh401 
110 |a Học viện Chính trị - Hành Chính khu vực II. 
110 |b Khoa Chính trị học 
245 0 |a Đề cương bài giảng xử lý tình huống chính trị 
245 0 |c Học viện Chính trị - Hành Chính khu vực II. Khoa Chính trị học 
260 |a Hà Nội 
260 |b Chính trị - Hành chính 
260 |c 2009 
520 |a Nội dung giới thiệu nhập môn xử lý tình huống chính trị. Xử lý các điểm nóng chính trị - xã hội. Xử lý tình huống chính trị khi chuyển giao quyền lãnh đạo trong nội bộ Đảng Cộng Sản cầm quyền. Xử lý tệ quan liêu, tham nhũng trong bộ máy cầm quyền. 
650 |a Đảng Cộng Sản,Communist parties 
650 |z Việt Nam,Vietnam 
910 |b dqhieu 
980 |a Trung tâm Học liệu Trường Đại học Cần Thơ